Paper Mario series enemy names - Statistics

General Stats
  • This quiz has been taken 121 times
    112 since last reset
  • The average score is 189 of 483
Answer Stats
Origin Answer % Correct
SPM Dark Goomba
98%
PM64 Goomba
98%
CS Mega Goomba
98%
SS Shiny Goomba
98%
CS Small Goomba
98%
PM64 Spike?
95%
PM64 Bowser
94%
PM64 Bowser???
94%
SPM Dark Bowser
94%
SS Spike
92%
PM64 Shy Guy
89%
PM64 Koopa Troopa
87%
SS Shiny Koopa Troopa
87%
SPM Dark Paragoomba
85%
TTYD Shadow Queen
85%
PM64 Paragoomba
84%
SS Shiny Paragoomba
84%
SS Big Boo
82%
PM64 Bob-omb
82%
TTYD Boo
82%
SS Boo Stack
82%
SPM Dark Spiked Goomba
82%
SS Shiny Bob-omb
82%
PM64 Spiked Goomba
82%
TTYD Spiky Goomba
82%
TTYD Bonetail
81%
TTYD Doopliss
81%
SS Big Chain Chomp
79%
TTYD Chain Chomp
79%
PM64 Chomp
79%
SPM Dark Chomp
79%
TTYD Gloomtail
79%
PM64 Tubba Blubba
79%
TTYD Hooktail
77%
CS Koopa Paratroopa
77%
PM64 Paratroopa
77%
PM64 Piranha Plant
77%
TTYD Vivian
77%
TTYD Beldam
76%
PM64 Blooper
76%
SPM Dark Peach
76%
SPM Dark Pokey
76%
PM64 Hyper Goomba
76%
PM64 Pokey
76%
PM64 Bandit
74%
SS Big Buzzy Beetle
73%
PM64 Buzzy Beetle
73%
SPM Dark Hammer Bro
73%
PM64 Dark Koopa
73%
SPM Dark Magikoopa
73%
TTYD Hammer Bro
73%
PM64 Hammer Bros.
73%
PM64 Magikoopa
73%
SPM Mr. L
73%
SS Shiny Buzzy Beetle
73%
CS Small Buzzy Beetle
73%
CS Small Hammer Bro
73%
TTYD Atomic Boo
71%
CS Big Spiny
71%
SPM Count Bleck
71%
SPM Dark Luigi
71%
SPM Dark Mario
71%
SPM Dark Spiny
71%
SPM Dimentio
71%
CS Iggy
71%
PM64 Kammy Koopa
71%
PM64 Koopatrol
71%
TTYD Macho Grubba
71%
TTYD Magnus
71%
SPM Mimi
71%
PM64 Spiny
71%
PM64 Cleft
69%
SPM Dark Cleft
69%
TTYD Grodus
69%
PM64 Lakitu
69%
TTYD Marilyn
69%
CS Wendy
69%
TTYD X-Naut
69%
TTYD X-Nauts
69%
TTYD Cortez
68%
SS Kamek
68%
CS Lemmy
68%
TTYD Moon Cleft
68%
CS Morton
68%
TTYD Prince Mush
68%
CS Big Lava Bubble
66%
SPM Dark Fire Bro
66%
PM64 Dry Bones
66%
TTYD Fire Bro
66%
PM64 Hyper Paragoomba
66%
PM64 Lava Bubble
66%
TTYD Rawk Hawk
66%
CS Roy
66%
SS Swoop
66%
SPM Francis
65%
TOK King Olly
65%
CS Larry
65%
CS Ludwig
65%
TTYD Boomerang Bro
63%
SS Bowser Jr.
63%
PM64 Bullet Bill
63%
SPM Dark Boomerang Bro
63%
SPM Dark Fuzzy
63%
PM64 Fuzzy
63%
SPM O'Chunks
63%
TTYD Whacka
63%
SS Big Cheep Cheep
61%
TOK Colored Pencils
61%
PM64 Crazee Dayzee
61%
SPM Dark Dayzee
61%
TTYD Hyper Spiky Goomba
61%
TTYD Red Spike Top
61%
TOK Scissors
61%
PM64 B Ninjakoopa
60%
SPM Bonechill
60%
SPM Brobot
60%
SPM Cheep Cheep
60%
TTYD Dark Koopatrol
60%
SPM Dark Spike Top
60%
PM64 G Ninjakoopa
60%
TTYD Gus
60%
TTYD Ice Puff
60%
PM64 R Ninjakoopa
60%
CS Small Cheep Cheep
60%
PM64 Spike Top
60%
TOK Stapler
60%
PM64 Y Ninjakoopa
60%
PM64 Frost Piranha
58%
PM64 Putrid Piranha
58%
SS Shiny Paratroopa
58%
SS Ice Bro
56%
TOK Rubber Band
56%
SPM Super Dimentio
56%
TOK Tape
56%
TTYD Yoshi
56%
TTYD Big Bandit
55%
PM64 Blue Goomba
55%
PM64 General Guy
55%
PM64 Goomba King
55%
TOK Hole Punch
55%
PM64 Jr. Troopa
55%
TTYD Lord Crump
55%
TTYD Pale Piranha
55%
TTYD Parabuzzy
55%
TTYD Poison Pokey
55%
PM64 Red Goomba
55%
SS Snifit
55%
TTYD Dark Boo
53%
SPM Dark Dark Boo
53%
SPM Dark Spania
53%
TTYD Goombella
53%
TTYD Koops
53%
SS Ninji
53%
SS Petey Piranha
53%
TTYD Spania
53%
TTYD Bald Cleft
52%
TOK Fire Vellumental
52%
PM64 Gloomba
52%
TOK Ice Vellumental
52%
TTYD Magnus 2.0
52%
PM64 Swooper
52%
TTYD Dark Bones
50%
TTYD Dark Paratroopa
50%
SPM Dark Ruff Puff
50%
TOK Earth Vellumental
50%
PM64 Ember
50%
TTYD Flower Fuzzy
50%
PM64 Monty Mole (1)
50%
PM64 Monty Mole (2)
50%
PM64 Paragloomba
50%
PM64 Ruff Puff
50%
PM64 Bill Blaster
48%
TTYD Flurrie
48%
PM64 Hyper Cleft
48%
SPM King Croacus
48%
PM64 Lava Piranha
48%
TTYD Poison Puff
48%
TTYD Red Bones
48%
TTYD Red Chomp
48%
TTYD Swampire
48%
SPM The Underchomp
48%
TOK Water Vellumental
48%
SPM Dark Dull Bones
47%
TTYD Dull Bones
47%
TTYD Elite X-Naut
47%
SS Gooper Blooper
47%
TTYD Pider
47%
TTYD Smorg
47%
PM64 Spiked Gloomba
47%
TTYD Spiky Gloomba
47%
PM64 Tutankoopa
47%
SPM Fracktail
45%
PM64 Swoopula
45%
TTYD Yux
45%
PM64 Crystal King
44%
TTYD Gold Fuzzy
44%
TTYD Green Fuzzy
44%
TTYD Green Magikoopa
44%
PM64 GRN Magikoopa
44%
PM64 Huff N. Puff
44%
TTYD KP Koopa
44%
TTYD Mini-Yux
44%
TTYD X-Yux
44%
PM64 Amazy Dayzee
42%
TTYD Dark Puff
42%
TOK Fly Guy
42%
TTYD KP Paratroopa
42%
TTYD Mini-X-Yux
42%
TTYD Red Magikoopa
42%
PM64 R Magikoopa
42%
TTYD Shady Koopa
42%
TTYD Spinia
42%
TTYD Wizzerd
42%
TTYD X-Naut PhD
42%
TTYD Z-Yux
42%
TTYD Bristle
40%
TTYD Bulky Bob-omb
40%
SPM Floro Sapien
40%
TTYD Hyper Bald Cleft
40%
PM64 Medi Guy
40%
TTYD Mini-Z-Yux
40%
TTYD White Magikoopa
40%
PM64 W Magikoopa
40%
PM64 Bombshell Bill
39%
PM64 Clubba
39%
SPM Dark Clubba
39%
TTYD Dark Lakitu
39%
TTYD Dark Wizzerd
39%
TTYD Grodus X
39%
TTYD Iron Cleft (Green)
39%
TTYD Iron Cleft (Red)
39%
CS Petea Piranha
39%
TTYD Spunia
39%
TTYD Badge Bandit
37%
PM64 B. Bill Blaster
37%
SPM Big Blooper
37%
TTYD Bombshell Bill Blaster
37%
PM64 Buzzar
37%
TTYD Elite Wizzerd
37%
TTYD Phantom Ember
37%
PM64 Pyro Guy
37%
TTYD Shady Paratroopa
37%
TTYD Sky-Blue Spiny
37%
PM64 Spear Guy
37%
TOK Sumo Bro
37%
SS Whomp
37%
PM64 Anti Guy
35%
SPM Big Sammer Guy
35%
SPM Sammer Guy
35%
CS Shady Sledge Bro
35%
CS Sledge Bro
35%
SPM Small Sammer Guy
35%
PM64 Stilt Guy
35%
TTYD Arantula
34%
TTYD Bob-ulk
34%
CS Bone Goomba
34%
PM64 Duplighost
34%
PM64 Electro Blooper
34%
PM64 Pokey Mummy
34%
TTYD Spiky Parabuzzy
34%
PM64 Stone Chomp
34%
SPM Wracktail
34%
TTYD Dark Bristle
32%
TTYD Dark Craw
32%
PM64 Forest Fuzzy
32%
TOK Mechakoopa
31%
PM64 Big Lantern Ghost
29%
PM64 Bzzap!
29%
PM64 Fuzzipede
29%
TTYD Fuzzy Horde
29%
CS Fuzzy Stack
29%
PM64 Jungle Fuzzy
29%
PM64 Spy Guy
29%
SPM Squig
29%
PM64 Super Blooper
29%
PM64 Tubba's Heart
29%
PM64 Tuff Puff
29%
PM64 White Clubba
29%
PM64 Y Magikoopa
29%
SPM Brobot L-type
27%
PM64 Kent C. Koopa
27%
CS Ptooie
27%
CS Slurp Guy
27%
TOK Stone Spike
27%
SPM Dark Ninjoe
26%
PM64 Gulpit
26%
TOK Handaconda
26%
SPM Ninjoe
26%
PM64 Sky Guy
26%
CS Steak
26%
PM64 The Master
26%
PM64 Crystal Bit
24%
SS Fire Piranha
24%
CS Fire Piranha Plant
24%
SPM Frackle
24%
TOK Galoomba
24%
PM64 Hurt Plant
24%
PM64 M. Bush
24%
SS Megasparkle Goomba
24%
PM64 Monstar
24%
PM64 Shy Squad
24%
SS Snow Spike
24%
SPM Squog
24%
PM64 Bony Beetle
23%
TOK Boss Sumo Bro
23%
SPM Dark Megabite
23%
SPM Dark Muth
23%
SPM Dark Squiglet
23%
SPM Megabite
23%
SPM Muth
23%
SS Rocky Wrench
23%
PM64 Shy Stack
23%
CS Slurp Snifit
23%
SPM Squiglet
23%
SS Tower Power Pokey
23%
SPM Wrackle
23%
SS Broozer
21%
PM64 GRY Magikoopa
21%
PM64 Lava Bud
21%
SPM Ninjerry
21%
SS Poison Blooper
21%
SS Scaredy Rat
21%
CS Small Goomba Wheel
21%
SS Sombrero Guy
21%
CS Spike Guy
21%
CS Spike Snifit
21%
CS The Shy Bandit
21%
SS Wiggler Segment
21%
CS Wild Dino Rhino
21%
SS 2-Fold Goomba
19%
PM64 Blooper Baby
19%
CS Circus Bro
19%
SPM Cursya
19%
SPM Dark Cursya
19%
SPM Dark Headbonk Goomba
19%
SPM Dark Skellobit
19%
SPM Dark Tileoid
19%
CS Dino Rhino
19%
SPM Headbonk Goomba
19%
SPM Ninjohn
19%
CS Shunned Guy
19%
SPM Skellobit
19%
SPM Tileoid B
19%
SPM Tileoid G
19%
SPM Tileoid R
19%
SPM Tileoid Y
19%
SPM Back Cursya
18%
SPM Boomboxer
18%
PM64 Chan
18%
SPM Dark Boomboxer
18%
SPM Dark Longator
18%
SPM Dark Pigarithm
18%
SPM Dark Spiky Skellobit
18%
SPM Dark Striker
18%
SPM Floro Cragnien
18%
SPM Gigabite
18%
CS Juggler Bro
18%
SPM Koopa Striker
18%
PM64 Lee
18%
SPM Longator
18%
SPM Meowbomb
18%
SPM Pigarithm
18%
SPM Pink Fuzzy
18%
TOK Sidestepper
18%
SPM Spiky Skellobit
18%
SS 5-Fold Goomba
16%
SS Big Scuttlebug
16%
SPM Blue Magiblot
16%
TOK Chargin' Chuck
16%
SPM Dark Magiblot
16%
SS Mural Goomba
16%
SS Paint Guy
16%
SPM Red Magiblot
16%
SS Scuttlebug
16%
CS Shield Guy
16%
SPM Skellobait
16%
SPM Yellow Magiblot
16%
SS Clip Guy
15%
SPM Dark Jawbus
15%
SPM Dark Stone Buzzy
15%
PM64 Groove Guy
15%
SPM Jawbus
15%
SPM Mega Muth
15%
SS Mural Koopa
15%
SS Paper-Cone Goomba
15%
PM64 Petit Piranha
15%
SS Shiny-Cone Goomba
15%
SPM Stone Buzzy
15%
CS Whistle Snifit
15%
SPM Barribad
13%
SPM Bittacuda
13%
CS Black Lava Bubble
13%
SS Bowser Snow Statue
13%
SPM Cherbil
13%
SPM Dark Barribad
13%
SPM Dark Cherbil
13%
SPM Dark Eeligon
13%
SPM Dark Shlurp
13%
SPM Dark Sproing-Oing
13%
TTYD Dead Hands
13%
SPM Eeligon
13%
TTYD Goomboard
13%
SPM Hogarithm
13%
SPM Ice Cherbil
13%
SPM Longadile
13%
SPM Mega Koopa
13%
SPM Mister I
13%
SS Mizzter Blizzard
13%
SPM Poison Cherbil
13%
SPM Rawbus
13%
SPM Shlorp
13%
SPM Shlurp
13%
SPM Skellobomber
13%
SPM Spiky Skellobait
13%
SPM Sproing-Oing
13%
SPM Squoinker
13%
CS Unicycle Shy Guys
13%
CS Accordion Goombas
11%
CS Chariot Bro
11%
CS Chariot Snifit
11%
CS Coal Guy
11%
SPM Dark Growmeba
11%
SPM Dark Tech Cursya
11%
SPM Foton
11%
CS Green Pokey
11%
SPM Growmeba
11%
SPM Jellien
11%
CS Laundry Guy
11%
TTYD Left and Right Hands
11%
SPM Red I
11%
SPM Sobarribad
11%
CS Soggy Guy
11%
SPM Soopa Striker
11%
SPM Tech Cursya
11%
SPM Toopa Striker
11%
TTYD X-Punch
11%
SPM AirMeow
10%
CS Animal Trainer Shy Guy
10%
SPM Beepboxer
10%
SPM Blastboxer
10%
SS Crumpled Boo
10%
SPM Dark Reversya Cursya
10%
SPM Gawbus
10%
TOK Li'l Cutout Soldier
10%
SS Maraca Guy
10%
SPM PatrolMeow
10%
SPM Reversya Cursya
10%
TTYD X-Fist
10%
SPM Zoing-Oing
10%
SS Accordion Guy
8%
TOK Big Cutout Soldier
8%
SPM Boing-Oing
8%
SPM Dark Heavy Cursya
8%
CS Gold Shy Guy
8%
SPM Heavy Cursya
8%
SPM Hooligon
8%
CS Pry Guy
8%
CS Silver Shy Guy
8%
SPM SurpriseMeow
8%
SPM Warpid
8%
SPM Zombie Shroom
8%
SPM BigMeow
6%
SPM Blomeba
6%
SPM Choppa
6%
SPM Chromeba
6%
SPM Dark Choppa
6%
SPM Ghoul Shroom
6%
CS Trampoline Shy Guys
6%
SPM Copta
5%
TOK Crowber
5%
SPM Dark Mini-Sproing
5%
TOK Jumping Piranha Plant
5%
SPM Mini-Boing
5%
SPM Mini-Sproing
5%
SPM Mini-Zoing
5%
TOK Shoe Goomba
5%
CS Small Buzzy Beetle Gang
5%
CS Small Goomba Gang
5%
TOK Stingby
5%
CS Buzzy Beetle Gang
3%
CS Buzzy Beetle Tower
3%
TOK Nipper Plant
3%
CS Roller Guy
3%
No matching quizzes found
Score Distribution
Percent of People with Each Score
Percentile by Number Answered
Your Score History
You have not taken this quiz since the last reset